Harry Potter - morts - Statistiques

Statistiques générales
  • Ce quiz a été pris 201 fois
    88 depuis la dernière actualisation
  • Le résultat moyen est 15 sur 44
Statistiques - réponses
Numéro du livre Morts Personnage % Correct
Lord Voldemort
83%
5 Sirius Black
83%
Fred weasley
81%
James Potter
77%
1 Lily Potter
75%
! Remus Lupin
75%
C Dobby
74%
Severus Rogue
74%
Albus Dumbledore
72%
Quirinus Quirell
68%
Bellatrix Lestrange
65%
Cédric Diggory
65%
C Hedwige
57%
! Nymphadora Tonks
54%
C Nagini
51%
Peter Pettigrow
51%
! Alastor Maugrey
46%
C! Aragog
42%
!F Lavande Brown
36%
Barty croupton sénior
32%
Vincent Crabbe
30%
! Colin crivey
29%
R Frank Brice
29%
! Bathilda tourdesac
20%
! Rufus Scrimgeour
20%
! Charity burbage
19%
! Igor karkaroff
17%
4 ! Bertha Jorkins
13%
! Ted Tonks
13%
6 ! Amelia bones
9%
! Nicolas Flamel
9%
! Emmeline vance
7%
! Gellert Grindelwald
7%
! Mykew Gregorovitch
7%
C Bogrod
3%
C! Gornuk
3%
! Dirk creswell
1%
! Gibbon
1%
! Scabior
1%
3 C! Binky
0%
! Florian Fortarôme
0%
! Montgomery
0%
! Mrs Abbott
0%
7 ! Octavius peper
0%
Aucun quiz correspondant
Distribution des résultats
% des personnes avec chaque résultat
Percentile par nombre de réponses
Votre historique - résultats
Vous n’avez pas pris ce quiz depuis la dernière actualisation